Statistics for US States That Appear The Most In Quiz Titles

Click here to take the quiz!

General Stats

  • This quiz has been taken 20 times
  • The average score is 11 of 15

Answer Stats

# QuizzesState% Correct
270California
100%
158Florida
100%
339New York
100%
171Texas
94%
104Ohio
89%
266Washington
83%
125Georgia
67%
144Michigan
67%
93Arizona
56%
98Colorado
56%
129Indiana
56%
113Minnesota
56%
96Virginia
56%
96Alabama
44%
118Wisconsin
39%

Score Distribution

Percentile by Number Answered

Percent of People with Each Score

Your Score History

You have not taken this quiz